1394 1066 1514 1073 1248 1183 1662 1874 1529 1443 1632 1696 1861 1094 1466 1189 1952 1578 1471 1773 1000 1584 1133 1915 1854 1433 1917 1997 1125 1258 1689 1451 1704 1106 1680 1894 1836 1344 1936 1632 1616 1274 1194 1309 1361 1912 1015 1691 1391 1894 1676 1752 1265 1482 1353 1990 1179 1502 1534 1694 1380 1946 1968 1115 1432 1430 1797 1620 1276 1262 1215 1599 1516 1770 1914 1946 1069 1689 1527 1396 1814 1067 1006 1671 1789 1913 1185 1400 1613 1751 1633 1820 1587 1739 1313 1072 1961 1736 1827 BCNSPRNW ULIB Ver.6.0+V

เปลี่ยนเป็นภาษาไทย

Change to English
 แสดงรายละเอียดบรรณานุกรม
  กลับหน้าหลัก

Brief Record : Get Marc (ISO 2709) : E-mail record : QR code < ปิดหน้าต่าง
LEADER : 00000nam 22003374a 4500
001    13399114948
003     ULIB
008    110822s2010 us a 001 0 eng d
020    ^a9780323055390
060 04 ^aQS4^bP322an
100 1  ^aPatton, Kevin T.
245 10 ^aAnthonys textbook of anatomy & physiology /^cKevin T.
246 3  ^aAnthony s textbook of anatomy and physiology
246 30 ^aTextbook of anatomy & physiology
246 30 ^aTextbook of anatomy and physiology
250    ^a19th ed.
260    ^aSt. Louis :^bMosby/Elsevier,^c2010
300    ^axxx, 1131, [62] p. :^bill. ;^c29 cm.
500    ^aThibodeaus name appears first on the 18th ed.
500    ^aIncludes index
650  2 ^aAnatomy
650  2 ^aPhysiology
700 1  ^aThibodeau, Gary A.,^d1938-
700 1  ^aAnthony, Catherine Parker, ^d1907-
945    ^p0^l0^i19110
945    ^p0^l0^i19530
995    ^a Kesorn
999 ^a ใช้งานได้ทุกระบบ
รายการนี้ยังไม่มีแท็ก
คุณยังไม่ได้ล็อกอิน คุณสามารถมีกิจกรรมร่วมกับเว็บไซต์ได้ แต่ต้องล็อกอินก่อน ::
  ล็อกอิน

รายการสื่อสารสนเทศ

ลำดับที่ ประเภท เลขเรียก/บาร์โค้ด สถานที่ สถานะ
1. วิทยาศาสตร์การแพทย์ และสุขภาพ
วิทยาศาสตร์การแพทย์ และสุขภาพ
QS4 P322an ฉ.2 
  Barcode: 19530
ห้องสมุดวิทยาเขตสวรรค์ประชารักษ์
►หนังสือทั่วไป
บนชั้น

รายการใกล้เคียง
    ผู้แต่ง [Patton, Kevin T.]

    หัวเรื่อง [Anatomy]
    หัวเรื่อง [Physiology]

BibComment


ยังไม่เคยถูกคอมเมนท์

คอมเมนท์ทรัพยากรรายการนี้
  คอมเมนท์: Anthonys textboo..


 Copyright 2026. Bcnsprnw @Library